[Event "Laval op"]
[Site "Laval CAN"]
[Date "2022.06.25"]
[Round "3.7"]
[White "Wang, Isabelle"]
[Black "Voskanyan, Vahagn"]
[Result "0-1"]
[WhiteElo "1520"]
[BlackElo "2196"]
[PlyCount "74"]
[EventDate "2022.06.24"]
[EventType "swiss"]
[EventRounds "5"]
[EventCountry "CAN"]

1. e4 c6 2. d4 d5 3. exd5 cxd5 4. Bd3 Nc6 5. c3 g6 6. Nf3 Nh6 7. Bf4 Bg7 8.
Nbd2 O-O 9. O-O Bf5 10. Bxf5 Nxf5 11. Re1 Rc8 12. Ne5 e6 13. Nxc6 Rxc6 14. Nf3
a5 15. Qe2 Rb6 16. Ne5 Nd6 17. Rab1 Re8 18. Ng4 Nc4 19. Ne3 Rc6 20. Nxc4 Rxc4
21. Qd2 b5 22. Be5 Bf8 23. Qf4 Bg7 24. Bxg7 Kxg7 25. h4 h5 26. a3 b4 27. cxb4
axb4 28. axb4 Qb6 29. Red1 Rxb4 30. Rd2 e5 31. Qe3 Rb3 32. Qe2 e4 33. g4 hxg4
34. Qxg4 Rh8 35. Kg2 Qf6 36. Rh1 Rh5 37. Qd1 Rf3 0-1

[Event "Laval op"]
[Site "Laval CAN"]
[Date "2022.06.25"]
[Round "3.8"]
[White "Soudre, Nicolas"]
[Black "Laroche, Hugo"]
[Result "1-0"]
[WhiteElo "2091"]
[BlackElo "1635"]
[PlyCount "71"]
[EventDate "2022.06.24"]
[EventType "swiss"]
[EventRounds "5"]
[EventCountry "CAN"]

1. e4 e5 2. Nf3 Nc6 3. d4 exd4 4. Bc4 d6 5. Nxd4 Nf6 6. Nc3 Be7 7. O-O O-O 8.
Re1 Nxd4 9. Qxd4 b6 10. Bf4 Bb7 11. Rad1 Nd7 12. Nd5 Nc5 13. Nxe7+ Qxe7 14. Bg3
Rad8 15. f3 Rfe8 16. Bb5 Rf8 17. Qf2 f6 18. Bc4+ Kh8 19. Qd2 Ba6 20. Bd5 Bb7
21. b4 c6 22. bxc5 dxc5 23. c4 Rfe8 24. Qc3 cxd5 25. cxd5 Qf7 26. a4 f5 27. a5
f4 28. Bf2 Qc7 29. Rb1 Rb8 30. g3 h5 31. gxf4 Qxf4 32. Bg3 Qg5 33. Kh1 Rbd8 34.
axb6 axb6 35. Rxb6 Bc8 36. Rg1 1-0

[Event "Laval op"]
[Site "Laval CAN"]
[Date "2022.06.25"]
[Round "3.9"]
[White "Saha, Ananda"]
[Black "Kot, Emanuel"]
[Result "1-0"]
[WhiteElo "2060"]
[BlackElo "1872"]
[PlyCount "45"]
[EventDate "2022.06.24"]
[EventType "swiss"]
[EventRounds "5"]
[EventCountry "CAN"]

1. d4 d5 2. Nf3 Nf6 3. e3 e6 4. Bd3 c5 5. b3 Nc6 6. a3 Be7 7. Bb2 b6 8. Nbd2
Bb7 9. Ne5 Rc8 10. O-O O-O 11. f4 Bd6 12. Qf3 Nd7 13. Qh3 f5 14. Ndf3 Qe7 15.
Ng5 g6 16. Nxg6 hxg6 17. Qh6 Rf6 18. dxc5 Nxc5 19. Bxf6 Qxf6 20. b4 Nxd3 21.
Qh7+ Kf8 22. Qxb7 Rc7 23. Qxc7 1-0

[Event "Laval op"]
[Site "Laval CAN"]
[Date "2022.06.25"]
[Round "3.10"]
[White "Constantin, David"]
[Black "Guillemette, Hugo"]
[Result "1/2-1/2"]
[WhiteElo "2047"]
[BlackElo "1787"]
[PlyCount "131"]
[EventDate "2022.06.24"]
[EventType "swiss"]
[EventRounds "5"]
[EventCountry "CAN"]

1. d4 Nf6 2. Nf3 e6 3. c4 b6 4. g3 Ba6 5. b3 Bb4+ 6. Bd2 Be7 7. Bg2 O-O 8. Ne5
c6 9. O-O d5 10. Bc3 Bb7 11. Nd2 Nbd7 12. e4 c5 13. exd5 exd5 14. Re1 cxd4 15.
Bxd4 Bc5 16. Bb2 Nxe5 17. Bxe5 Re8 18. h3 Ne4 19. Nxe4 dxe4 20. Bc3 Qg5 21. Qg4
Qxg4 22. hxg4 Rad8 23. Red1 f6 24. b4 Bf8 25. a4 Ba6 26. Rxd8 Rxd8 27. Bxe4
Bxc4 28. Rc1 Be6 29. f3 Rc8 30. b5 Bb4 31. Bb2 Rxc1+ 32. Bxc1 Bb3 33. Bb2 Bxa4
34. Bd3 Kf7 35. Kf2 Ke6 36. Ke3 Kd5 37. g5 fxg5 38. Bxg7 Bc5+ 39. Ke2 Bd6 40.
Bf6 h6 41. Bg7 Bxg3 42. Bxh6 Bf4 43. Bf8 Bd6 44. Bh6 Be7 45. f4 g4 46. f5 Bf6
47. Bf4 Be5 48. Bg5 g3 49. f6 Kc5 50. Be3+ Kd6 51. f7 Ke7 52. Bc4 Bxb5 53. Bg5+
Kf8 54. Bh6+ Bg7 55. Bxg7+ Kxg7 56. Bxb5 Kxf7 57. Kf3 Ke6 58. Kxg3 Kd5 59. Kf3
a5 60. Ke3 Kc5 61. Be8 Kb4 62. Kd2 a4 63. Kc2 a3 64. Kb1 b5 65. Ka2 Ka4 66.
Bxb5+ 1/2-1/2

[Event "Laval op"]
[Site "Laval CAN"]
[Date "2022.06.25"]
[Round "3.11"]
[White "McCartney, Steven"]
[Black "Robichaud, Louis"]
[Result "0-1"]
[WhiteElo "1769"]
[BlackElo "2038"]
[PlyCount "42"]
[EventDate "2022.06.24"]
[EventType "swiss"]
[EventRounds "5"]
[EventCountry "CAN"]

1. d4 Nf6 2. Nc3 d5 3. Bf4 Bf5 4. f3 e6 5. g4 Bg6 6. h4 h6 7. e3 Bd6 8. Bxd6
Qxd6 9. Kf2 Nc6 10. Bd3 O-O-O 11. Nge2 e5 12. Bxg6 fxg6 13. dxe5 Nxe5 14. Nb5
Qe7 15. Qd4 c5 16. Nxa7+ Kb8 17. Qa4 Rhf8 18. Nf4 Nexg4+ 19. Kg3 Qxe3 20. Rhf1
Ne4+ 21. Kh3 Qxf4 0-1

[Event "Laval op"]
[Site "Laval CAN"]
[Date "2022.06.25"]
[Round "3.12"]
[White "Jacquet, Stephane"]
[Black "Di Matteo, Alessio"]
[Result "1-0"]
[WhiteElo "1909"]
[BlackElo "1563"]
[PlyCount "79"]
[EventDate "2022.06.24"]
[EventType "swiss"]
[EventRounds "5"]
[EventCountry "CAN"]

1. d4 Nf6 2. c4 e6 3. Nf3 Bb4+ 4. Nbd2 a5 5. a3 Be7 6. e4 d5 7. e5 Nfd7 8. Bd3
c5 9. cxd5 exd5 10. Qe2 Nf8 11. dxc5 Bxc5 12. Nb3 Be7 13. Nbd4 Ne6 14. Nxe6
Bxe6 15. Nd4 Qd7 16. O-O Nc6 17. Nb5 h6 18. Bf4 g5 19. Bg3 h5 20. Nd6+ Kf8 21.
f4 Bg4 22. Qe3 h4 23. Nxf7 Kxf7 24. f5 Ke8 25. e6 Qd8 26. f6 Bxf6 27. Bg6+ Kf8
28. Qxg5 Kg7 29. Qxg4 hxg3 30. Bh5+ Bg5 31. Rf7+ Kh6 32. h4 Ne5 33. Qf5 Kxh5
34. Qxe5 Qb6+ 35. Kh1 Kxh4 36. Qf5 Kh5 37. Rg7 Qe3 38. Qh3+ Bh4 39. Qg4+ Kh6
40. Qg6# 1-0

[Event "Laval op"]
[Site "Laval CAN"]
[Date "2022.06.25"]
[Round "3.13"]
[White "Joseph, Jonath"]
[Black "Batorshyn, Ilia"]
[Result "0-1"]
[WhiteElo "1391"]
[BlackElo "1857"]
[PlyCount "110"]
[EventDate "2022.06.24"]
[EventType "swiss"]
[EventRounds "5"]
[EventCountry "CAN"]

1. e4 c6 2. d4 d5 3. e5 Bf5 4. h4 h6 5. Nc3 e6 6. Be2 Nd7 7. Be3 Ne7 8. b4 Bh7
9. a3 Nf5 10. Nf3 Be7 11. Bd3 Nxh4 12. Nxh4 Bxd3 13. cxd3 Bxh4 14. Qg4 Be7 15.
Qxg7 Rf8 16. Bxh6 Qb6 17. Qg4 Rh8 18. Kd2 O-O-O 19. Be3 Rhg8 20. Qf3 Rg7 21.
Rh6 Nxe5 22. dxe5 d4 23. Rah1 dxe3+ 24. fxe3 Qa6 25. d4 Qxa3 26. Rc1 Bg5 27.
Rhh1 Rxd4+ 28. Kc2 Rd8 29. b5 Bxe3 30. Rcd1 Bd4 31. Rd3 c5 32. Rhd1 Rdg8 33.
R1d2 Rg3 34. Qxf7 R3g6 35. g3 Qa5 36. Qe7 Qc7 37. Qh4 Qxe5 38. Ne2 Rh8 39. Qf4
Qxf4 40. gxf4 Bf6 41. Rd6 Rd8 42. Nc1 Rxd6 43. Rxd6 Be7 44. Rd2 Rg4 45. Ne2 Kc7
46. Kb3 Bd6 47. Kc4 Bxf4 48. Ra2 Be5+ 49. Kd3 Kb6 50. Ra3 c4+ 51. Kc2 Re4 52.
Kd2 Bd6 53. Ra2 Bb4+ 54. Kd1 Rh4 55. Ra4 Ba5 0-1

[Event "Laval op"]
[Site "Laval CAN"]
[Date "2022.06.25"]
[Round "3.14"]
[White "Xu, Daniel"]
[Black "Wang, Derek"]
[Result "1/2-1/2"]
[WhiteElo "1846"]
[BlackElo "1471"]
[PlyCount "93"]
[EventDate "2022.06.24"]
[EventType "swiss"]
[EventRounds "5"]
[EventCountry "CAN"]

1. e4 c5 2. Nf3 Nc6 3. d4 cxd4 4. Nxd4 Nf6 5. Nc3 e6 6. Ndb5 Bb4 7. a3 Bxc3+ 8.
Nxc3 d5 9. exd5 Nxd5 10. Ne4 O-O 11. Be2 Qc7 12. O-O Rd8 13. Bd3 Ne5 14. Ng5
Nxd3 15. Qxd3 Nf6 16. Qe2 Bd7 17. b3 Rac8 18. c4 h6 19. Nf3 Bc6 20. Ne5 Qb6 21.
b4 Qd4 22. Nxc6 Rxc6 23. Be3 Qxc4 24. Qxc4 Rxc4 25. Bxa7 b5 26. Rfc1 Rdc8 27.
Rxc4 Rxc4 28. f3 Kf8 29. Bc5+ Ke8 30. a4 Nd7 31. Be3 bxa4 32. Rxa4 Ke7 33. Ra7
Kd6 34. b5 Rb4 35. b6 g5 36. g4 Kc6 37. Rc7+ Kd6 38. Ra7 Kc6 39. Rc7+ Kd6 40.
Kg2 Rb2+ 41. Kf1 f6 42. Bd4 Rb1+ 43. Kg2 f5 44. Be3 Rb2+ 45. Kg3 Nxb6 46. Bxb6
Rxb6 47. Rh7 1/2-1/2

[Event "Laval op"]
[Site "Laval CAN"]
[Date "2022.06.25"]
[Round "3.15"]
[White "Landry, Sylvain"]
[Black "Sekki, Abderaouf"]
[Result "1/2-1/2"]
[WhiteElo "1795"]
[BlackElo "1934"]
[PlyCount "22"]
[EventDate "2022.06.24"]
[EventType "swiss"]
[EventRounds "5"]
[EventCountry "CAN"]

1. e4 d6 2. d4 Nf6 3. Nc3 Nbd7 4. Nf3 e5 5. Bc4 Be7 6. O-O h6 7. Re1 c6 8. a4
Qc7 9. Ba2 g5 10. Be3 Ng4 11. Bc1 Ngf6 1/2-1/2

[Event "Laval op"]
[Site "Laval CAN"]
[Date "2022.06.25"]
[Round "3.16"]
[White "Lesage, Philippe"]
[Black "Efpraxiadis, Jean"]
[Result "1-0"]
[WhiteElo "1742"]
[BlackElo "1624"]
[PlyCount "101"]
[EventDate "2022.06.24"]
[EventType "swiss"]
[EventRounds "5"]
[EventCountry "CAN"]

1. c4 c6 2. g3 d5 3. Bg2 Nf6 4. Nf3 Bf5 5. cxd5 cxd5 6. Qb3 Qc7 7. Nc3 e6 8. d3
Qb6 9. Qxb6 axb6 10. O-O Be7 11. Bf4 O-O 12. Nb5 Nc6 13. Nd6 Bxd6 14. Bxd6 Rfc8
15. a3 Ne8 16. Bf4 f6 17. Be3 b5 18. Rac1 e5 19. Bc5 Kf7 20. Nd2 Be6 21. f4 Nd4
22. Bxd4 exd4 23. Nb3 Ra4 24. Nc5 Ra7 25. f5 Bxf5 26. Rxf5 b6 27. Bxd5+ Kg6 28.
Be4 Nd6 29. Rff1+ f5 30. Nb3 fxe4 31. Rxc8 Nxc8 32. dxe4 Re7 33. Rc1 Rxe4 34.
Rxc8 Rxe2 35. Nxd4 Rxb2 36. Rc2 Rb1+ 37. Kf2 b4 38. axb4 Rxb4 39. Nc6 Rb3 40.
Ne5+ Kf5 41. Nf3 Rb1 42. Nd2 Rb4 43. h3 h5 44. Rc3 Ke5 45. Rb3 Rxb3 46. Nxb3 b5
47. Ke3 b4 48. Nd4 g5 49. Nc6+ Kf5 50. Nxb4 g4 51. h4 1-0

[Event "Laval op"]
[Site "Laval CAN"]
[Date "2022.06.25"]
[Round "3.18"]
[White "Baran, Marius"]
[Black "Liao, David"]
[Result "1-0"]
[WhiteElo "1612"]
[BlackElo "1548"]
[PlyCount "109"]
[EventDate "2022.06.24"]
[EventType "swiss"]
[EventRounds "5"]
[EventCountry "CAN"]

1. d4 Nf6 2. c4 e5 3. dxe5 Ng4 4. Bf4 Nc6 5. Nf3 Bb4+ 6. Nbd2 Qe7 7. e3 Ncxe5
8. Nxe5 Nxe5 9. a3 Bxd2+ 10. Qxd2 O-O 11. Be2 d6 12. O-O Be6 13. Qc3 Ng6 14.
Bg3 Rfd8 15. e4 c6 16. Rad1 d5 17. exd5 cxd5 18. cxd5 Bxd5 19. Bg4 Qg5 20. h3
h5 21. f4 Qh6 22. Bf3 Ne7 23. Qe5 Nc6 24. Qxh5 Qxh5 25. Bxh5 Bc4 26. Rxd8+ Rxd8
27. Rd1 Rxd1+ 28. Bxd1 Kf8 29. Bf2 Ke7 30. g4 Ke6 31. Kh2 f5 32. Kg3 Bd5 33.
Be3 a6 34. Bc5 Nb8 35. Kf2 Nc6 36. Be2 Na5 37. Bd4 g6 38. g5 Nc4 39. h4 Nd2 40.
h5 Ne4+ 41. Ke3 gxh5 42. Bxh5 Ng3 43. Bf3 Ne4 44. b4 Bb3 45. Be5 Ba2 46. Kd4
Bb3 47. g6 Bd5 48. a4 Bc6 49. a5 Ke7 50. Bg7 Ke6 51. Bh8 Ke7 52. Ke5 Ba4 53.
Kxf5 Nd6+ 54. Kg5 Bb3 55. f5 1-0

[Event "Laval op"]
[Site "Laval CAN"]
[Date "2022.06.25"]
[Round "3.19"]
[White "Mok, Yuen Tak"]
[Black "Tsukerman, Julia"]
[Result "0-1"]
[WhiteElo "1839"]
[BlackElo "1523"]
[PlyCount "78"]
[EventDate "2022.06.24"]
[EventType "swiss"]
[EventRounds "5"]
[EventCountry "CAN"]

1. Nf3 d5 2. c4 e6 3. b3 Nf6 4. g3 Be7 5. Bg2 O-O 6. O-O dxc4 7. bxc4 c5 8. Nc3
Nc6 9. Rb1 Rb8 10. Bb2 b6 11. Re1 Nd7 12. d3 Bb7 13. Ne4 Qc7 14. Qc1 Rbd8 15.
a4 a5 16. Rd1 Nb4 17. Nc3 Bf6 18. Nd2 Bg5 19. Nb5 Qb8 20. Qc3 Bf6 21. Qb3 Bxg2
22. Kxg2 Bxb2 23. Rxb2 Qb7+ 24. Kg1 Ne5 25. Rf1 Nec6 26. f4 Qe7 27. Qc3 e5 28.
f5 f6 29. Ne4 Nd4 30. Nxd4 Rxd4 31. Rf3 Qe8 32. Qb3 Qc6 33. Rb1 Kf7 34. Kh1 Ke7
35. Kg1 Kd8 36. Kf2 Kc7 37. g4 h6 38. h4 Qd7 39. Ke3 Rxe4+ 0-1

[Event "Laval op"]
[Site "Laval CAN"]
[Date "2022.06.25"]
[Round "3.20"]
[White "Duplessis, Claude"]
[Black "Dumoulin, Sylvain"]
[Result "1-0"]
[WhiteElo "1551"]
[BlackElo "1667"]
[PlyCount "51"]
[EventDate "2022.06.24"]
[EventType "swiss"]
[EventRounds "5"]
[EventCountry "CAN"]

1. e4 e6 2. d4 d5 3. e5 c5 4. c3 Nc6 5. Nf3 Bd7 6. Bd3 f6 7. Be3 fxe5 8. dxe5
Qc7 9. O-O O-O-O 10. Bf4 h6 11. Re1 Be7 12. Bg6 Rf8 13. Be3 Be8 14. Bxe8 Rxe8
15. Na3 a6 16. Nc2 h5 17. a3 Nh6 18. b4 c4 19. Ncd4 Kd7 20. b5 Nxd4 21. Nxd4
Nf7 22. bxa6 Nxe5 23. Bf4 bxa6 24. Qa4+ Kc8 25. Qxa6+ Qb7 26. Qxb7+ 1-0

[Event "Laval op"]
[Site "Laval CAN"]
[Date "2022.06.25"]
[Round "3.21"]
[White "Liu, Kevin"]
[Black "Zhang, Brian"]
[Result "0-1"]
[WhiteElo "1579"]
[BlackElo "1295"]
[PlyCount "112"]
[EventDate "2022.06.24"]
[EventType "swiss"]
[EventRounds "5"]
[EventCountry "CAN"]

1. c4 e5 2. g3 Nf6 3. Bg2 d5 4. cxd5 Nxd5 5. Nc3 Nb6 6. Nf3 Nc6 7. O-O Be7 8.
a3 O-O 9. b4 Be6 10. d3 a5 11. b5 Nd4 12. Rb1 f6 13. Re1 a4 14. e3 Bb3 15. Qd2
Nc2 16. Re2 Nxa3 17. Bxa3 Bxa3 18. d4 Bb4 19. Qc1 Qe7 20. Nd2 Bxc3 21. Qxc3
exd4 22. Qxd4 Rfd8 23. Qc3 Bd5 24. Bxd5+ Rxd5 25. Qb2 Rad8 26. Qa2 Kh8 27. Nc4
Rd1+ 28. Re1 Rxe1+ 29. Rxe1 Qe6 30. Rc1 Qd5 31. Rc2 Qxb5 32. Nxb6 Qxb6 33. Qxa4
Qb1+ 34. Kg2 b5 35. Rd2 Re8 36. Qd4 Qf5 37. Qd5 Qxd5+ 38. Rxd5 c6 39. Rc5 Re6
40. Kf1 Kg8 41. h4 Kf7 42. Rc3 Ke7 43. Ke2 Rd6 44. e4 Kd7 45. f4 Kc7 46. Ke3
Kb6 47. g4 b4 48. Rc1 Kb5 49. g5 b3 50. h5 Kb4 51. h6 fxg5 52. f5 Rxh6 53. e5
Rh3+ 54. Kd2 b2 55. Rxc6 Rb3 56. Rb6+ Kc4 0-1

[Event "Laval op"]
[Site "Laval CAN"]
[Date "2022.06.25"]
[Round "3.22"]
[White "Bain-Thouverez, Aurelien"]
[Black "Shi, Michael"]
[Result "0-1"]
[WhiteElo "1849"]
[BlackElo "1573"]
[PlyCount "88"]
[EventDate "2022.06.24"]
[EventType "swiss"]
[EventRounds "5"]
[EventCountry "CAN"]

1. Nf3 Nf6 2. g3 g6 3. Bg2 Bg7 4. O-O O-O 5. d4 d5 6. c4 c6 7. Nc3 Ne4 8. e3
Bg4 9. Qb3 Nxc3 10. bxc3 b6 11. cxd5 cxd5 12. Ne5 Bxe5 13. Qxd5 Nd7 14. Qxa8
Qxa8 15. Bxa8 Rxa8 16. dxe5 Nxe5 17. a4 Be2 18. Ba3 Bxf1 19. Kxf1 e6 20. a5
bxa5 21. Bc5 Nd3 22. Bd4 e5 23. Ke2 exd4 24. Kxd3 dxc3 25. Kxc3 Rc8+ 26. Kd4
Rc2 27. f4 Rxh2 28. Rxa5 Rg2 29. Rxa7 Rxg3 30. e4 h5 31. e5 h4 32. e6 fxe6 33.
Ke5 h3 34. Kf6 Rg4 35. Ra3 h2 36. Rh3 Rxf4+ 37. Kxg6 Rf2 38. Rh5 Kf8 39. Rh7 e5
40. Kg5 e4 41. Kg4 e3 42. Kg3 Rb2 43. Kg4 e2 44. Rxh2 Rb4+ 0-1

[Event "Laval op"]
[Site "Laval CAN"]
[Date "2022.06.25"]
[Round "3.23"]
[White "Mercure, Gilbert"]
[Black "Jiang, Barron Jiyu"]
[Result "1-0"]
[WhiteElo "1732"]
[BlackElo "1527"]
[PlyCount "129"]
[EventDate "2022.06.24"]
[EventType "swiss"]
[EventRounds "5"]
[EventCountry "CAN"]

1. e4 c5 2. d4 cxd4 3. c3 dxc3 4. Nxc3 e6 5. Bc4 a6 6. Nf3 d6 7. Qe2 Be7 8. Bf4
Qc7 9. O-O Nf6 10. Rac1 O-O 11. h3 Nc6 12. a3 b5 13. Ba2 Bb7 14. Nd5 Qd8 15.
Nxf6+ Bxf6 16. Rfd1 e5 17. Be3 Qe7 18. Bd5 Rac8 19. Bb6 Nd4 20. Nxd4 exd4 21.
Rxc8 Rxc8 22. Bxb7 Qxb7 23. Bxd4 Bxd4 24. Rxd4 Rc1+ 25. Kh2 Qe7 26. Qd2 Rc6 27.
f4 h6 28. Qd3 Qf6 29. e5 Qg6 30. exd6 Qxd3 31. Rxd3 Rc8 32. f5 g5 33. Kg3 Kg7
34. d7 Rd8 35. Rd6 f6 36. Kf3 Kf7 37. Ke4 Ke7 38. Re6+ Kf7 39. Rd6 Ke7 40. Kd5
Rxd7 41. Rxd7+ Kxd7 42. g4 a5 43. b3 b4 44. a4 Kc7 45. Kc5 Kb7 46. Kd5 Kb6 47.
Kd6 Kb7 48. Ke6 Kc6 49. Kxf6 Kd5 50. Kg7 Kd4 51. f6 Kc3 52. f7 Kxb3 53. f8=Q
Kxa4 54. Qf6 Kb3 55. Qf3+ Kc4 56. Qe4+ Kb3 57. Qe6+ Ka3 58. Qe5 a4 59. Qa1+ Kb3
60. Kxh6 a3 61. Qb1+ Kc3 62. Qa2 b3 63. Qxa3 Kc2 64. Kxg5 b2 65. Qxb2+ 1-0

[Event "Laval op"]
[Site "Laval CAN"]
[Date "2022.06.25"]
[Round "3.24"]
[White "Guipi Bopala, Prince Eric jr"]
[Black "Sonn, Eric"]
[Result "1-0"]
[WhiteElo "1668"]
[BlackElo "1123"]
[PlyCount "29"]
[EventDate "2022.06.24"]
[EventType "swiss"]
[EventRounds "5"]
[EventCountry "CAN"]

1. d4 Nf6 2. c4 g6 3. Nc3 Bg7 4. e4 d6 5. f3 O-O 6. Be3 Nc6 7. Nge2 e5 8. d5
Ne7 9. Qd2 Re8 10. g4 c6 11. Ng3 Qc7 12. h4 cxd5 13. cxd5 Rf8 14. h5 gxh5 15.
Nxh5 1-0

[Event "Laval op"]
[Site "Laval CAN"]
[Date "2022.06.25"]
[Round "3.25"]
[White "Wang, Rachel"]
[Black "Masse-Garneau, Anthony"]
[Result "0-1"]
[WhiteElo "1545"]
[BlackElo "1596"]
[PlyCount "94"]
[EventDate "2022.06.24"]
[EventType "swiss"]
[EventRounds "5"]
[EventCountry "CAN"]

1. d4 Nf6 2. c4 e6 3. Nf3 d5 4. Bg5 Be7 5. e3 O-O 6. Nc3 c6 7. Rc1 Qa5 8. cxd5
exd5 9. Bd3 Bg4 10. O-O h6 11. Bh4 Re8 12. h3 Bh5 13. g4 Bg6 14. Bxg6 fxg6 15.
g5 Ne4 16. gxh6 gxh6 17. Bxe7 Rxe7 18. Ne5 Nxc3 19. bxc3 Nd7 20. Nxd7 Rxd7 21.
Qg4 Qd8 22. Kh1 Qe8 23. Rg1 Kh7 24. f3 Re7 25. Rce1 Qf7 26. e4 Rae8 27. e5 Rf8
28. f4 Qf5 29. Ref1 Qxg4 30. hxg4 Ref7 31. e6 Rxf4 32. Re1 Re8 33. Rgf1 Rxf1+
34. Rxf1 Re7 35. g5 hxg5 36. Kg2 Kg7 37. Kg3 Rxe6 38. Kg4 Re3 39. Kxg5 Rg3+ 40.
Kf4 Rxc3 41. Re1 Kf6 42. Rb1 b6 43. Rb4 Rc4 44. a3 Rxb4 45. axb4 g5+ 46. Kg4 a5
47. bxa5 bxa5 0-1

[Event "Laval op"]
[Site "Laval CAN"]
[Date "2022.06.26"]
[Round "4.1"]
[White "Rodrigue-Lemieux, Shawn"]
[Black "Turcotte, Jonathan"]
[Result "1-0"]
[WhiteElo "2366"]
[BlackElo "1927"]
[PlyCount "49"]
[EventDate "2022.06.24"]
[EventType "swiss"]
[EventRounds "5"]
[EventCountry "CAN"]

1. a3 d5 2. Nf3 Nf6 3. d4 Bf5 4. Bf4 e6 5. e3 c5 6. Bxb8 Qxb8 7. Bb5+ Ke7 8.
dxc5 g5 9. Bd3 Ne4 10. Nbd2 Bg7 11. Nd4 Bg6 12. Bxe4 dxe4 13. Qg4 h6 14. b4 f5
15. Qe2 Rd8 16. N2b3 a6 17. Qc4 Bf7 18. c6 Qc7 19. Qc5+ Rd6 20. cxb7 Qxb7 21.
O-O-O Rad8 22. Na5 Qd7 23. Ndc6+ Ke8 24. Nxd8 Bf8 25. Nxf7 1-0

[Event "Laval op"]
[Site "Laval CAN"]
[Date "2022.06.26"]
[Round "4.2"]
[White "Zhong, Kevin"]
[Black "Chiku-Ratte, Olivier-Kenta"]
[Result "0-1"]
[WhiteElo "2145"]
[BlackElo "2353"]
[PlyCount "70"]
[EventDate "2022.06.24"]
[EventType "swiss"]
[EventRounds "5"]
[EventCountry "CAN"]

1. e4 c6 2. d4 d5 3. exd5 cxd5 4. c4 Nf6 5. Nc3 Nc6 6. Bg5 dxc4 7. d5 Ne5 8.
Qd4 h6 9. Bf4 Ng6 10. Bg3 e6 11. d6 Ne7 12. O-O-O Nf5 13. Qxc4 a6 14. Be5 Bd7
15. g4 Rc8 16. Qf4 Nh4 17. Qg3 Ng6 18. Kb1 Nxe5 19. Qxe5 Nxg4 20. Qg3 Nf6 21.
Bg2 g6 22. Nge2 Bg7 23. Nf4 O-O 24. Rhg1 Qb6 25. Ka1 Rc4 26. Rd2 Rfc8 27. Rc2
Qxd6 28. Nd3 Qxg3 29. hxg3 Nd5 30. Nxd5 Rxc2 31. Ne7+ Kf8 32. Nxc8 Bxc8 33. Kb1
Rc7 34. Rc1 Rxc1+ 35. Kxc1 Bd4 0-1

[Event "Laval op"]
[Site "Laval CAN"]
[Date "2022.06.26"]
[Round "4.3"]
[White "Soudre, Nicolas"]
[Black "Ouellet, Maili-Jade"]
[Result "0-1"]
[WhiteElo "2091"]
[BlackElo "2212"]
[PlyCount "222"]
[EventDate "2022.06.24"]
[EventType "swiss"]
[EventRounds "5"]
[EventCountry "CAN"]

1. e4 c5 2. Nc3 Nc6 3. f4 g6 4. Nf3 Bg7 5. Bb5 Nd4 6. Bd3 Nf6 7. Nxd4 cxd4 8.
Ne2 d6 9. c3 O-O 10. O-O e5 11. Bc2 exf4 12. Nxf4 d5 13. Nxd5 Nxd5 14. exd5
Qxd5 15. Qe2 Be6 16. Bd3 Rae8 17. c4 Qc5 18. b4 Qxb4 19. Rb1 Qa4 20. Qf3 b6 21.
c5 Rb8 22. cxb6 Rxb6 23. Rxb6 axb6 24. Qb7 Qa5 25. a4 Qc5 26. Bb2 Bd5 27. Qa6
Qd6 28. Qb5 Be5 29. h3 Bb7 30. Be2 Bf4 31. Qc4 Be5 32. Bf3 Bc8 33. Bd5 Be6 34.
Bxe6 fxe6 35. Rxf8+ Kxf8 36. Qb3 Kf7 37. d3 Bf4 38. Qd1 Kg8 39. Bc1 Bg3 40. Qf3
Qe5 41. Bd2 Kg7 42. Qb7+ Qc7 43. Qf3 Bh2+ 44. Kh1 Be5 45. Qe4 h5 46. Kg1 Kh7
47. Bg5 Kg7 48. Bd2 Kf7 49. Bg5 Bg7 50. Qf3+ Kg8 51. Qe4 Kf7 52. Qf3+ Ke8 53.
Qe4 Qe5 54. Qxg6+ Kf8 55. Bh6 Qe1+ 56. Kh2 Qe5+ 57. Kg1 Qe1+ 58. Kh2 Qe5+ 59.
Kg1 Bxh6 60. Qxh6+ Ke7 61. Qd2 Kd7 62. Kf2 h4 63. Qe2 Qg3+ 64. Kg1 Kd6 65. Qc2
Qe5 66. Qb3 Qa5 67. Kh2 Qe5+ 68. Kg1 Kc7 69. Qc4+ Kb7 70. Qb3 Qe1+ 71. Kh2 Qe5+
72. Kg1 Kc7 73. Qc4+ Kd8 74. Qb3 Qd6 75. Qb5 e5 76. a5 bxa5 77. Qxa5+ Ke7 78.
Qa8 Qb6 79. Qe4 Qb1+ 80. Kh2 Kd6 81. Qg6+ Kc5 82. Qe4 Kd6 83. Qg6+ Kc5 84. Qe4
Kb6 85. Qg6+ Ka5 86. Qe4 Qb5 87. Qe1+ Kb6 88. Qe4 Qb3 89. Kg1 Qd1+ 90. Kh2 Qd2
91. Kh1 Qc1+ 92. Kh2 Qe3 93. Qg6+ Kb5 94. Qe6 Qxd3 95. Qxe5+ Kc4 96. Qc7+ Kb3
97. Qb6+ Kc2 98. Qc6+ Qc3 99. Qa4+ Kc1 100. Qe8 d3 101. Qe3+ Kb2 102. Qb6+ Kc2
103. Qg6 Kc1 104. Qg5+ d2 105. Qh6 Kb1 106. Qg6+ Qc2 107. Qb6+ Kc1 108. Qh6 Qc5
109. Qf4 Kc2 110. Qa4+ Kb2 111. Qd7 Qe5+ 0-1

[Event "Laval op"]
[Site "Laval CAN"]
[Date "2022.06.26"]
[Round "4.4"]
[White "Voskanyan, Vahagn"]
[Black "Saha, Ananda"]
[Result "0-1"]
[WhiteElo "2196"]
[BlackElo "2060"]
[PlyCount "96"]
[EventDate "2022.06.24"]
[EventType "swiss"]
[EventRounds "5"]
[EventCountry "CAN"]

1. c4 e5 2. Nc3 Nc6 3. g3 f5 4. Bg2 Nf6 5. d3 Be7 6. Nf3 O-O 7. O-O d6 8. a3 h6
9. b4 Qe8 10. e3 Be6 11. b5 Nd8 12. Nd2 Qf7 13. Bb2 c6 14. f4 Nd7 15. Qe2 Bf6
16. Rab1 Re8 17. Qf2 Nc5 18. Qe2 exf4 19. gxf4 d5 20. cxd5 cxd5 21. Nd1 d4 22.
e4 Na4 23. e5 Nxb2 24. Nxb2 Be7 25. Nbc4 Bd5 26. a4 Bxg2 27. Qxg2 Ne6 28. Nb3
b6 29. Kh1 Rac8 30. Qf3 Red8 31. a5 bxa5 32. Nbxa5 Bc5 33. Nb7 Rf8 34. Nbd6 Qd7
35. Nxc8 Rxc8 36. Rg1 Rd8 37. Rg6 Kf7 38. Rg2 Qd5 39. Qh5+ Kg8 40. Qxh6 Qxg2+
41. Kxg2 gxh6 42. Kf3 Kf7 43. Na5 Rb8 44. Nc4 Nc7 45. Rc1 Rxb5 46. e6+ Nxe6 47.
Ne5+ Ke7 48. Rg1 Bd6 0-1

[Event "Laval op"]
[Site "Laval CAN"]
[Date "2022.06.26"]
[Round "4.5"]
[White "Gutierrez, Renzo"]
[Black "Libersan, Thierry"]
[Result "1-0"]
[WhiteElo "2227"]
[BlackElo "1968"]
[PlyCount "139"]
[EventDate "2022.06.24"]
[EventType "swiss"]
[EventRounds "5"]
[EventCountry "CAN"]

1. e4 c5 2. Nc3 a6 3. Nf3 Nc6 4. g3 g6 5. d4 cxd4 6. Nxd4 Bg7 7. Be3 Nf6 8. Bg2
O-O 9. O-O Nxd4 10. Bxd4 d6 11. Re1 Re8 12. a4 Bg4 13. Qd2 Qa5 14. h3 Bd7 15.
e5 dxe5 16. Rxe5 Qc7 17. Rc5 Bc6 18. Nd5 Qd6 19. Nxf6+ Bxf6 20. Be3 Qxd2 21.
Bxd2 Bxg2 22. Kxg2 Rac8 23. Rxc8 Rxc8 24. c3 Rd8 25. Be3 Kf8 26. Kf3 Ke8 27.
Ke4 Bg7 28. g4 e6 29. g5 Rd5 30. Rc1 Kd7 31. b4 f5+ 32. gxf6 Bxf6 33. c4 Rh5
34. Rd1+ Kc8 35. b5 Rh4+ 36. f4 axb5 37. cxb5 e5 38. a5 exf4 39. Rc1+ Kd7 40.
Bf2 Rxh3 41. a6 bxa6 42. bxa6 Ra3 43. a7 Ra4+ 44. Kf3 Be5 45. Bb6 Bd6 46. Bd4
g5 47. Ra1 Ba3 48. Rh1 Kc6 49. Rb1 Bc5 50. Rc1 Rxa7 51. Rxc5+ Kd6 52. Rxg5 Rf7
53. Be5+ Ke6 54. Bxf4 Rb7 55. Rh5 Kf6 56. Kg4 Kg6 57. Rh6+ Kg7 58. Rc6 Kf7 59.
Kf5 Ra7 60. Be5 Rb7 61. Rc8 Rb6 62. Rc7+ Ke8 63. Rxh7 Ra6 64. Bf6 Rd6 65. Re7+
Kf8 66. Rh7 Ke8 67. Kg6 Rd5 68. Re7+ Kf8 69. Re4 Rd3 70. Bg7+ 1-0

[Event "Laval op"]
[Site "Laval CAN"]
[Date "2022.06.26"]
[Round "4.6"]
[White "Zhu, Hong Rui"]
[Black "Jacquet, Stephane"]
[Result "1-0"]
[WhiteElo "2210"]
[BlackElo "1909"]
[PlyCount "71"]
[EventDate "2022.06.24"]
[EventType "swiss"]
[EventRounds "5"]
[EventCountry "CAN"]

1. c4 Nf6 2. Nc3 g6 3. g3 Bg7 4. Bg2 O-O 5. e4 d6 6. Nge2 c5 7. d4 cxd4 8. Nxd4
Nc6 9. Nc2 Bd7 10. O-O Rc8 11. b3 a6 12. Bb2 Na5 13. Nd4 Qb6 14. Qd2 Bc6 15.
Rad1 Qc7 16. Rfe1 Rfd8 17. Nd5 Bxd5 18. exd5 b6 19. Re2 Re8 20. Rde1 Qd7 21.
Bc3 Nh5 22. Bf3 Bf6 23. Re4 Nb7 24. Bg4 Qc7 25. Bxc8 Qxc8 26. Nc6 e5 27. dxe6
fxe6 28. Nb4 Nc5 29. R4e2 a5 30. Nd5 Bxc3 31. Nxc3 Qc6 32. Ne4 Nxe4 33. Rxe4
Kf7 34. Qh6 Nf6 35. Rf4 Rh8 36. Qg5 1-0